000
00278nam a2200109Ia 4500
008
230907s9999||||xx |||||||||||||| ||und||
082
_a
658.84
_b
CZI
245
0
_a
International marketing with coursemate /
260
_a
Cengage,
_b
Delhi :
_c
2013
300
_a
677 p.
942
_c
BK
999
_c
601423
_d
601423